A new chapter of engagement: Obama and the Honduran Coup /

Salvato in:
Dettagli Bibliografici
Autore principale: Main, Alexander
Natura: testo
Tags: Aggiungi Tag
Nessun Tag, puoi essere il primo ad aggiungerne!!

MARC

LEADER 00000 a a2200000 04500
001 43711
003
040
100 |a Main, Alexander  
245 |a A new chapter of engagement:   |b Obama and the Honduran Coup /  |c Alexander Main  
773 |g volumen43, número1 (2010), páginas 15-21 : fotos  
999 |c 22755  |d 22755